A semmi bőre

Bibliographic Details
Main Author: Böszörményi, Zoltán, 1951- (Author)
Format: Book
Language:Hungarian
PhysicalDescription:121 s. 16 cm
Published: Pozsony Kalligram 2009
ISBN:9788081011979
Edition:2. kiad.
Subjects:

MARC

LEADER 00000cam a2200000 a 4500
001 vtls009848322
003 SK-MaSNL
005 20260301212154.0
008 240318s2009 xo g 000 p hun
015 |a SNBA2009/11-05532 
020 |a 9788081011979  |q (viaz.) 
035 |a (SVKBBclas03)vtls000314708 
035 |a urn:nbn:sk:snk-amjfcd 
035 |a urn:nbn:sk:snk-am0029wi 
035 |a 7B095B7E-A71F-46BB-8B4D-5474E2DBE0BC 
040 |a SNK  |b slo  |c SNK  |e AACR2 
041 0 |a hun 
044 |a xo 
072 7 |a 821.511.1  |x Ugrofínske literatúry  |2 konspekt 
080 |a 821.511.141-1  |2 2001 
100 1 |a Böszörményi, Zoltán,  |d 1951-  |4 aut  |9 309997 
245 1 0 |a A semmi bőre  |c Zoltán Böszörményi 
250 |a 2. kiad. 
260 |a Pozsony  |b Kalligram  |c 2009 
300 |a 121 s.  |c 16 cm 
500 |a Tir. aj slov. 
655 7 |a maďarská poézia  |2 SNKPH  |9 70602 
752 |a Slovensko  |d Bratislava 
919 |a 978-80-8101-197-9 
958 |a LX 
958 |a HU 
958 |a NM 
968 |d 821 
999 |c 917513  |d 919443 
952 |a SNK  |b SNK  |y PREZ  |7 0  |p 17A0633575  |o snkSD 78589  |i snk2009/18205  |8 0  |0 0  |1 0  |4 0  |d 2009-10-07  |l 0  |r 2025-11-26 00:00:00  |w 2026-02-24 
952 |a SNK  |b SNK  |y VYP  |7 0  |p 17A0633576  |o snkSD 78589 D1  |i snk2009/18206  |8 0  |0 0  |1 0  |4 0  |d 2009-10-07  |f 1  |l 0  |r 2017-06-30 00:00:00  |w 2026-02-24